00541nam a2200157Ia 4500008004100000020001500041041000800056082001700064100002100081245005900102250000600161260006200167300002000229999001900249952011500268210716s1996 xx 000 0 und d a156706177X aeng a658.042 MARA aMartin, Alson R. aLimited liability company and partnership answer book. a1 aNew YorkbLimited liability Compand and Partnershipc1996 axivii,T-19,I-41 c200573d200573 00102ddc40738MBAaAIMITbAIMITd2006-02-18l0o658.042 MARApMBA03138r2025-07-21 00:00:00w2021-07-16yBK